| 000 | 00806nam a22002295a 4500 | ||
|---|---|---|---|
| 005 | 20081202064115.0 | ||
| 008 | 081025s2008 ii b 001 0 eng | ||
| 010 | _aENG-92891 | ||
| 020 |
_c90.00 _a8190735797 |
||
| 035 | _aEN-76424 | ||
| 037 | _bDBAD / PUB | ||
| 040 |
_adpl _bEnglish |
||
| 082 | _a332.1 | ||
| 100 | _aKalaivani, V. | ||
| 245 |
_aModern banking / _cby V.Kalaivani |
||
| 260 |
_aThiruvarur _bPragatheeshwaran Publication _c2007 |
||
| 270 |
_a116-A. Kappaludaiya, Koradacheri _bThiruvarur |
||
| 300 |
_a202p. _c22cm (pbk) |
||
| 650 | _aBanks and banking. | ||
| 942 |
_2ddc _cEN _mKAL _h332.1 |
||
| 999 |
_c23130 _d23130 |
||